Paroles - Tu m'oublieras - Larusso - Statistiques

Statistiques générales
  • Ce quiz a été pris 784 fois
  • Le résultat moyen est 178 sur 249
Statistiques - réponses
Réponse % Correct
tu
100%
Tu
100%
a
98%
98%
98%
ou
98%
Ou
98%
ce
96%
Ce
96%
oublier
96%
te
96%
ma
94%
de
93%
De
93%
la
93%
oublieras
93%
oublieras,
93%
au
92%
le
92%
Le
92%
Qui
92%
qui
92%
m'oublieras
91%
tout
91%
Tout
91%
ces
89%
Ces
89%
I
88%
que
88%
En
87%
en
87%
Et
87%
me
87%
nous
85%
qu'à
85%
Je
84%
je
84%
mon
84%
Tes
84%
tes
84%
l'amour
83%
l'amour,
83%
N'a
83%
Si
82%
si
82%
faisait
81%
Faisait
81%
Les
81%
les
81%
matin
81%
ne
81%
Tous
80%
cou
79%
temps
79%
l'on
78%
autour
77%
un
77%
bras
76%
n'importe
75%
sais,
74%
sais
74%
plus
73%
partir
72%
n'appartenait
71%
juillet
70%
quoi
70%
dire
69%
réveil,
69%
soleil
69%
du
68%
forget
68%
septembre
68%
as
67%
instants
67%
regardant
67%
jamais
66%
jours,
66%
pluie
66%
souffrir
66%
will
66%
you
66%
You
66%
mes
65%
mal
64%
tombait
64%
Ton
64%
ton
64%
avril,
63%
c'était
63%
dans
63%
difficiles
63%
Oh
63%
oh
63%
Oh,
63%
mots
62%
vie
62%
faut
61%
ses
60%
S'il
60%
simplement
60%
toute
60%
qu'il
59%
donne
58%
jure
58%
nuit
58%
premier
58%
Quand
58%
téléphone
58%
vas
58%
rendez-vous
57%
soir
57%
d'éternité
55%
mains
55%
enfin
54%
lui
54%
Qu'un
54%
feras
53%
Accroché
52%
Cette
52%
changé
52%
naître
52%
parlaient
51%
yeux
50%
regards
48%
tiennes
46%
pas
45%
sera
44%
sourires,
43%
brûler
41%
fini
41%
souffle
41%
"Je t'aime"
40%
ciel
39%
court
39%
impatiente
39%
veines
39%
bonheur
38%
seront
38%
attente
37%
cri
37%
flous
37%
vers
37%
Yeah
37%
délirant
31%
Car
30%
Comme
28%
sur
25%
Ah
20%
ah
20%
noir
20%
Passe
20%
écran
19%
film
18%
know
18%
mémoire
18%
tu m'oublieras
4%
Aucun quiz correspondant
Distribution des résultats
% des personnes avec chaque résultat
Percentile par nombre de réponses
Votre historique - résultats
Vous n’avez pas pris ce quiz